Las bodas de Magdeburgo

Uloženo v:
Podrobná bibliografie
Hlavní autor: Le Fort, Gertrud Freün von (Autor)
Médium: Kniha
Jazyk:španělština
Vydáno: Santiago Zig-Zag 1947
Vydání:1a. ed
Edice:Biblioteca de Novelistas
Témata:
Tagy: Přidat tag
Žádné tagy, Buďte první, kdo vytvoří štítek k tomuto záznamu!

MARC

LEADER 00000cam a2200000 a 4500
001 UCD3793
003 CL-VaPUC
008 160616e19470000cl |||||||||||||||||spa|d
082 0 4 |a 833  |b LEF  |2 21 
100 |a Le Fort, Gertrud Freün von  |e author  |9 320617 
245 1 4 |a Las bodas de Magdeburgo 
250 |a 1a. ed 
300 |a 365 p 
942 |c BK 
945 |d 20160616 22:39:00  |a arojas 
260 |a Santiago  |b Zig-Zag  |c 1947 
650 0 |a Novelas alemanas   |9 265783 
650 0 |a Literatura alemana   |9 265457 
583 |a last modification  |c 20160616 22:39:00  |k Rodrigo Vera 
490 0 |a Biblioteca de Novelistas 
999 |c 364808  |d 364806 
952 |0 0  |1 0  |3 erb  |4 0  |6 833_000000000000000_LEF_1947  |7 0  |8 A  |9 478397  |a FDOHBE  |b FDOHBE  |e Huesbe Llanos, Marco Antonio, 1934-  |i 5330637  |o 833 LEF 1947  |p 5330637  |r 2024-01-30  |w 2019-11-24  |y BK  |z Catalogado en:20160616  |k HBE